Alcohol : (Record no. 148589)

MARC details
000 -CABECERA
campo de control de longitud fija 00641nam a2200205 u 4500
005 - FECHA Y HORA DE LA ÚLTIMA TRANSACCIÓN
campo de control 20260108063955.0
008 - ELEMENTOS DE LONGITUD FIJA--INFORMACIÓN GENERAL
campo de control de longitud fija 100614s2001 r 000 0 eng d
020 ## - NÚMERO INTERNACIONAL NORMALIZADO PARA LIBROS
Número Internacional Estándar del Libro 8479784865
035 ## - NÚMERO DE CONTROL DEL SISTEMA
Número de control de sistema UPN01000176486
049 ## - COLECCIÓN
Colección CG
050 #4 - SIGNATURA TOPOGRÁFICA DE LA BIBLIOTECA DEL CONGRESO
Número de clasificación HV5043 E7
Número de documento/Ítem B4.2
100 1# - ASIENTO PRINCIPAL--NOMBRE PERSONAL
Nombre de persona Besancon, Francois
245 10 - MENCIÓN DE TÍTULO
Título Alcohol :
Resto del título hablemos : una puerta de salida /
Mención de responsabilidad, etc. Francois Besancon, Francisco Verjano.
260 ## - PUBLICACIÓN, DISTRIBUCIÓN, ETC.
Lugar de publicación, distribución, etc. Madrid :
Nombre del editor, distribuidor, etc. Diez Santos,
Fecha de publicación, distribución, etc. 2001.
300 ## - DESCRIPCIÓN FÍSICA
Extensión 159 p.
650 #4 - ASIENTO SECUNDARIO DE MATERIA - TERMINO TEMATICO
Término de materia o nombre geográfico como elemento de entrada Alcoholismo
Subdivisión general Prevención
9 (RLIN) 15854
650 #4 - ASIENTO SECUNDARIO DE MATERIA - TERMINO TEMATICO
Término de materia o nombre geográfico como elemento de entrada ALCOHOLISMO -
Subdivisión general CASOS, INFORMES CLINICOS, ESTADISTICA
9 (RLIN) 2123
700 1# - ASIENTO SECUNDARIO--NOMBRE DE PERSONAL
Nombre de persona Verjano, Francisco,
Término indicativo de función/relación coaut.
905 ## - TIPO DE MATERIAL
Tipo de material Libro
Holdings
Estado de retiro Estado de pérdida Fuente del sistema de clasificación o colocación Estado dañado No para préstamo Código de colección Localización permanente Ubicación/localización actual Ubicación en estantería Total de préstamos Clasificación Código de barras Fecha visto por última vez Número de copia Tipo de ítem Koha
    Library of Congress Classification     Colección General Bib. Gregorio Torres Quintero Bib. Gregorio Torres Quintero Planta baja 5 HV5043 E7 B4.2 275127 31/12/2020 1 Libro
    Library of Congress Classification     Colección General Bib. Gregorio Torres Quintero Bib. Gregorio Torres Quintero Planta baja 5 HV5043 E7 B4.2 275126 31/12/2020 1 Libro
    Library of Congress Classification     Colección General Bib. Gregorio Torres Quintero Bib. Gregorio Torres Quintero Planta baja 5 HV5043 E7 B4.2 275125 31/12/2020 1 Libro